000 00460nam a22001697a 4500
999 _c60493
_d60493
005 20230807162202.0
008 230807s1985 enk||||| |||| 00| 0 eng d
020 _a0801418232
041 _aeng
080 _a2 G-18
100 _aGarland, Robert
_919627
245 _aThe Greek Way of Death /
_cRobert Garland.
264 _aNew York :
_bCornell University Press,
_c1985.
300 _a192 p.;
_b22 cm.
653 _aრელიგია
942 _2udc
_cBK